000 01990nam a22004214a 4500
001 ebr10158080
003 CaPaEBR
006 m u
007 cr cn|||||||||
008 060329s2006 nyu sb 001 0 eng
010 _z 2006045183
015 _aGBA676474
_2bnb
016 7 _z013547218
_2Uk
020 _z1403974179
020 _z9781403974174
040 _aCaPaEBR
_cCaPaEBR
035 _a(OCoLC)133168235
043 _aa-ja---
_an-us---
050 1 4 _aUA845
_b.D57 2006eb
082 0 4 _a355/.033052
_222
100 1 _aDiFilippo, Anthony,
_d1950-
245 1 0 _aJapan's nuclear disarmament policy and the U.S. security umbrella
_h[electronic resource] /
_cAnthony DiFilippo.
250 _a1st ed.
260 _aNew York :
_bPalgrave Macmillian,
_c2006.
300 _a281 p.
504 _aIncludes bibliographical references (p. [259]-270) and index.
505 0 _aIntroduction: Detoured on the Path to Nuclear Disarmament -- The Watershed -- Technology, Choice and Nuclear Weapons -- The Politics of Japanese Nuclear Disarmament: Where Government Policies and Civil Society Converge and Diverge -- Japanese Security Policy and the New Agenda Coalition -- The International Dimensions of Japan's Anti-Nuclear Weapons Policies: Issues in Disarmament and Nonproliferation -- Tokyo and the Axis of Evil -- Security and Identity.
533 _aElectronic reproduction.
_bPalo Alto, Calif. :
_cebrary,
_d2013.
_nAvailable via World Wide Web.
_nAccess may be limited to ebrary affiliated libraries.
650 0 _aNational security
_zJapan.
650 0 _aNuclear weapons
_zUnited States.
650 0 _aNuclear nonproliferation.
650 0 _aNuclear disarmament
_zJapan.
651 0 _aJapan
_xMilitary policy.
651 0 _aUnited States
_xMilitary policy.
655 7 _aElectronic books.
_2local
710 2 _aebrary, Inc.
856 4 0 _uhttp://site.ebrary.com/lib/rucke/Doc?id=10158080
_zAn electronic book accessible through the World Wide Web; click to view
999 _c134477
_d134477